Online katalóg knižníc regiónu Turca

Duševným tréningom k štíhlej línii (Record no. 22980)

MARC details
000 -LEADER
fixed length control field 01195nam a2200373 a 4500
001 - CONTROL NUMBER
control field 22980
003 - CONTROL NUMBER IDENTIFIER
control field SK-KTurca
005 - DATE AND TIME OF LATEST TRANSACTION
control field 20260513094521.0
008 - FIXED-LENGTH DATA ELEMENTS--GENERAL INFORMATION
fixed length control field 240313s1998 xo a r y slo
015 ## - NATIONAL BIBLIOGRAPHY NUMBER
National bibliography number SNBA1998/09-03379
020 ## - INTERNATIONAL STANDARD BOOK NUMBER
International Standard Book Number 8071184276
035 ## - SYSTEM CONTROL NUMBER
System control number SNK000281724
035 ## - SYSTEM CONTROL NUMBER
System control number urn:nbn:sk:snk-amkhmp
035 ## - SYSTEM CONTROL NUMBER
System control number urn:nbn:sk:snk-am008gpr
035 ## - SYSTEM CONTROL NUMBER
System control number B3FE88AF-4576-44FB-B7B0-AE5223EBA5A7
040 ## - CATALOGING SOURCE
Original cataloging agency SNK
Language of cataloging slo
Transcribing agency SNK
Description conventions AACR2
041 0# - LANGUAGE CODE
Language code of text/sound track or separate title slo
044 ## - COUNTRY OF PUBLISHING/PRODUCING ENTITY CODE
MARC country code xo
ISO country code SK
080 ## - UNIVERSAL DECIMAL CLASSIFICATION NUMBER
Universal Decimal Classification number 613.24:615.851.1(035)
080 ## - UNIVERSAL DECIMAL CLASSIFICATION NUMBER
Universal Decimal Classification number 615.851.1(035)
100 1# - MAIN ENTRY--PERSONAL NAME
Personal name Herzog, Dagmar
Relationship aut
240 10 - UNIFORM TITLE
Uniform title Mentales Schlankheitstraining
Language of a work Slovensky
245 10 - TITLE STATEMENT
Title Duševným tréningom k štíhlej línii
Statement of responsibility, etc. Dagmar Herzogová ; [z nemeckého originálu preložila Ľubica Pavelková-Belohradská]
260 ## - PUBLICATION, DISTRIBUTION, ETC.
Place of publication, distribution, etc. Bratislava
Name of publisher, distributor, etc. Ikar
Date of publication, distribution, etc. 1998
300 ## - PHYSICAL DESCRIPTION
Extent 143 s.
Dimensions 21 cm
500 ## - GENERAL NOTE
General note Údaj o prekl. prevzatý z rubu tit. strany
504 ## - BIBLIOGRAPHY, ETC. NOTE
Bibliography, etc. note Bibliogr. s. 144
650 07 - SUBJECT ADDED ENTRY--TOPICAL TERM
Topical term or geographic name entry element obezita
Source of heading or term SNKPH
650 07 - SUBJECT ADDED ENTRY--TOPICAL TERM
Topical term or geographic name entry element duševný tréning
Source of heading or term SNK
655 #7 - INDEX TERM--GENRE/FORM
Genre/form data or focus term príručky
Source of term SNKPH
700 1# - ADDED ENTRY--PERSONAL NAME
Personal name Paveleková-Belohradská, Ľubica
Relationship trl
942 ## - ADDED ENTRY ELEMENTS (KOHA)
Source of classification or shelving scheme Dewey Decimal Classification
Koha item type Odborná literatúra pre dospelých
Suppress in OPAC No
Holdings
Stav vyradenia Strata Poškodenie Spôsob nadobudnutia Domovská knižnica Aktuálna knižnica Dátum nadobudnutia Total checkouts Čiarový kód exemplára Date last seen Typ exemplára
      Dar Obecná knižnica Turčianska Štiavnička Obecná knižnica Turčianska Štiavnička 13.05.2026   4738001280 13.05.2026 Odborná literatúra pre dospelých
Projekt je podporený Slovenskou asociáciou knižníc
Prevádzkuje Turčianska knižnica Martin 2026